Music Quiz

Random Music Quiz

Woodwind Instruments Quiz Stats

 Plays Quiz not verified by Sporcle

Challenge
Share
Tweet
Embed
Score 0/6 Timer 10:00
0 Plays Today
Hint Answer % Correct
a tube with holes along it that are stopped by the fingers or keysflute
100%
double-reed mouthpiece, a slender tubular bodyoboe
95.5%
a single-reed mouthpiece, a cylindrical tube with a flared endclarinet
95.5%
used especially in jazz and dance musicsaxophone
95.5%
of the oboe family with a double reedbassoon
95.5%
known as fipple flutes or internal duct flutesrecorder
68.2%

You're not logged in!

Compare scores with friends on all Sporcle quizzes.
OR
Log In

You Might Also Like...

Show Comments

Extras

Created Feb 24, 2015ReportNominate
Tags:instrument

Top Quizzes Today


Score Distribution

Your Account Isn't Verified!

In order to create a playlist on Sporcle, you need to verify the email address you used during registration. Go to your Sporcle Settings to finish the process.

Report this User

Report this user for behavior that violates our Community Guidelines.

Details: